ORGB / (Record no. 3760)

000 -LEADER
fixed length control field 00963cam a22003134a 4500
001 - CONTROL NUMBER
control field 13481092
003 - CONTROL NUMBER IDENTIFIER
control field OSt
005 - DATE AND TIME OF LATEST TRANSACTION
control field 20161208100540.0
008 - FIXED-LENGTH DATA ELEMENTS--GENERAL INFORMATION
fixed length control field 040205s2005 njua b 001 0 eng
010 ## - LIBRARY OF CONGRESS CONTROL NUMBER
LC control number 2004044436
020 ## - INTERNATIONAL STANDARD BOOK NUMBER
International Standard Book Number 9780170184977
040 ## - CATALOGING SOURCE
Original cataloging agency DLC
Transcribing agency DLC
Modifying agency DLC
042 ## - AUTHENTICATION CODE
Authentication code pcc
050 00 - LIBRARY OF CONGRESS CALL NUMBER
Classification number HD58.7.N45 2012
082 00 - DEWEY DECIMAL CLASSIFICATION NUMBER
Classification number 658.3
Edition number 22
100 ## - MAIN ENTRY--PERSONAL NAME
Personal name Nelson,Debra L.
245 10 - TITLE STATEMENT
Title ORGB /
Statement of responsibility, etc Debra Nelson ...[et al]
250 ## - EDITION STATEMENT
Edition statement 1st ed.
260 ## - PUBLICATION, DISTRIBUTION, ETC. (IMPRINT)
Place of publication, distribution, etc Australia. :
Name of publisher, distributor, etc Cengage Learning,
Date of publication, distribution, etc c2012.
300 ## - PHYSICAL DESCRIPTION
Extent various paging :
Other physical details ill. ;
Dimensions 24 cm.
504 ## - BIBLIOGRAPHY, ETC. NOTE
Bibliography, etc Includes bibliographical references and index.
650 #0 - SUBJECT ADDED ENTRY--TOPICAL TERM
Topical term or geographic name as entry element Organizational behavior.
700 ## - ADDED ENTRY--PERSONAL NAME
Personal name Quick James Campbell
700 ## - ADDED ENTRY--PERSONAL NAME
Personal name Wright,Sarah
700 ## - ADDED ENTRY--PERSONAL NAME
Personal name Adams,Christine
906 ## - LOCAL DATA ELEMENT F, LDF (RLIN)
a 7
b cbc
c orignew
d 1
e ocip
f 20
g y-gencatlg
942 ## - ADDED ENTRY ELEMENTS (KOHA)
Source of classification or shelving scheme
Koha item type Book
Holdings
Withdrawn status Lost status Source of classification or shelving scheme Damaged status Not for loan Home library Current library Shelving location Date acquired Total Checkouts Full call number Barcode Date last seen Copy number Price effective from Koha item type
          Riara University Library Riara University Library General stack 08/12/2016   HD58.7.N45 2012 8762/16 08/12/2016 C.1 08/12/2016 Book
          Riara University Library Riara University Library General stack 08/12/2016   HD58.7.N45 2012 8763/16 08/12/2016 C.2 08/12/2016 Book

Riara University Library,
P.O. Box 49940-00100,
Nairobi, Kenya.